000 01121cam a2200301 a 4500
001 4288
003 FISKH
005 20240712141904.0
008 101115s2011 nyuab j b 001 0 eng
010 _a 2010045936
020 _a9780531205518 (hardcover)
020 _a9780531281000 (softcover)
040 _aDLC
_cDLC
_dDLC
_beng
050 0 0 _aQH541.5.M3
082 0 0 _a577.68
100 1 _aBenoit, Peter,
_d1955-
245 1 0 _aWetlands /
_cPeter Benoit.
260 _aNew York :
_bScholastic,
_c2011.
300 _a48 pages :
_bcolor illustrations ; maps ;
_c22 cm
490 0 _aA true book
504 _aIncludes bibliographical references (p. 44-45) and index.
520 _aExplains what wetlands are like, looks at the plants that define wetlands, discusses the types of animals that make their homes in wetlands, and includes information on why wetlands are important and what is being done to save them.
650 0 _aWetland ecology
_vJuvenile literature.
650 0 _aWetlands
_vJuvenile literature.
906 _a7
_bcbc
_corignew
_d1
_eecip
_f20
_gy-gencatlg
942 _2ddc
_cBK
_n0
999 _c4288
_d4288